Retroactividad e irretroactividad de las leyes penales

Detalles Bibliográficos
Autor principal: Oliver Caldern̤, Guillermo
Formato: Libro
Lenguaje:español
Publicado: [Chile] : Editorial jurd̕ica de Chile, 2008
Edición:1® ed.
Colección:Ciencias penales
Materias:
Acceso en línea:Acceso restringido

MARC

LEADER 00000nam a22000007a 4500
005 20111028105116.0
008 111028s2008 cl ||||| |||| 00||0 spa d
020 |a 956-10-1827-6 
035 |a 5983 
040 |a vLex 
090 |c 2716  |d 2716 
100 1 |a Oliver Caldern̤, Guillermo 
245 1 0 |a Retroactividad e irretroactividad de las leyes penales  |h [Recurso electrn̤ico] /  |c Guillermo Oliver Caldern̤ 
250 |a 1® ed. 
256 |a Servicio en ln̕ea. 
260 |a [Chile] :  |b Editorial jurd̕ica de Chile,  |c 2008 
300 |a 1 recurso electrn̤ico 
490 0 |a Ciencias penales 
500 |a Nacimiento y extincin̤ de las leyes penales. Sucesin̤ de leyes penales y favorabilidad. Delimitacin̤ entre conceptos de irretroactividad, retroactividad, ultraactividad, hiperretroactividad, extraactividad y preteractividad; Fundamento del principio de irretroactividad de la ley penal; ℓmbito de aplicacin̤ del principio de irretroactividad de las leyes penales. Concepto de ley penal para efectos de su irretroactividad; Fundamento del principio de retroactividad de la ley penal ms̀ favorable; ℓmbito de aplicacin̤ del principio de retroactividad de las leyes penales ms̀ favorables. Concepto de ley penal para efectos de su retroactividad. 
506 1 |a Contenido solo disponible en los productos indicados  |d vLex Global  |d vLex Global (Academic Edition, excluding Law Schools)  |d vLex Global (U.S. Academic Edition, Law Schools)  |d vLex Global (U.S. Academic Edition, excluding Law Schools)  |d vLex Global (Academic Edition, Law Schools) 
650 0 4 |a Retroactividad de las leyes  |z Chile 
650 0 4 |a Irretroactividad de las leyes  |z Chile 
740 0 |a vLex Libros (Servicio en ln̕ea) 
856 4 0 |u http://vlex.com/source/5983  |z Acceso restringido 
942 |c BOOK